[Event "16th IRI-chT Super League 2017"]
[Site "Sari"]
[Date "2017.09.14"]
[Round "3"]
[White "Javanbakht, Nima"]
[Black "Maghsoodloo, Parham"]
[Result "1/2-1/2"]
[WhiteElo "2418"]
[BlackElo "2569"]
[Annotator "TA"]
[PlyCount "32"]
[EventDate "2017.??.??"]
[EventType "team-tourn"]
[EventCountry "IRI"]
[SourceTitle "playchess.com"]
[Source "ChessBase"]
[SourceQuality "1"]

{[%evp 18,32,15,12,18,21,17,25,47,38,37,27,68,33,53,48,58]} 1. d4 Nf6 2. c4 e6 3. Nf3 b6 4. g3 Ba6 5. Nbd2 Bb7 6. Bg2 d5 {E15: Queen's Indian: 4 g3 sidelines, 4 g3 Ba6 and 4 g3 Bb7 early deviations} (6... Be7 7. O-O O-O 8. Qc2 d5 9. cxd5 exd5 10. Ne5 c5 11. dxc5 bxc5 12. Rd1 Qc8 13. Nb3 a5 14. Be3 Na6 15. Rac1 d4 16. Bxb7 Qxb7 17. Bg5 Nb4 18. Qb1 a4 19. Nd2 Qd5 {½-½ (150) Nakamura,H (2787)-Harikrishna,P (2763) chess.com INT 2016}) 7. O-O Be7 8. cxd5 exd5 9. b3 O-O 10. Bb2 {LiveBook: 4 Games} Na6 11. Rc1 c5 12. Ne5 Nc7 $146 ({Find the theoretical novelty and annotate with similar games:} 12... Re8 13. Nd3 Bd6 14. Re1 Qe7 15. dxc5 Nxc5 16. Nf3 Ne6 17. Nd4 Nxd4 18. Bxd4 Ne4 19. e3 Rac8 20. Qg4 f6 21. Nf4 Qf7 22. Red1 Bc5 23. Bxc5 {½-½ (23) Boensch,U (2540)-Huebner,R (2640) Germany 2002}) 13. dxc5 bxc5 14. Nd3 Nd7 15. e4 d4 16. f4 a5 1/2-1/2

[Event "16th IRI-chT Super League 2017"]
[Site "Sari"]
[Date "2017.09.14"]
[Round "3"]
[White "Gholami Orimi, Mahdi"]
[Black "Firouzja, Alireza"]
[Result "1/2-1/2"]
[WhiteElo "2279"]
[BlackElo "2527"]
[Annotator "TA"]
[PlyCount "42"]
[EventDate "2017.??.??"]
[EventType "team-tourn"]
[EventCountry "IRI"]
[SourceTitle "playchess.com"]
[Source "ChessBase"]
[SourceQuality "1"]

{[%evp 18,42,54,0,15,10,19,0,0,0,0,0,25,22,57,25,27,0,0,0,13,13,24,28,32,21,24]} 1. d4 g6 2. Nf3 Nf6 3. g3 Bg7 4. Bg2 O-O 5. O-O d5 6. c4 dxc4 7. Na3 c3 8. bxc3 c5 9. Bb2 Nc6 10. Nc4 {LiveBook: 17 Games} ({White should play} 10. Re1 $14) 10... cxd4 {D77: Fianchetto Grünfeld: 6 0-0: Replies other than 6...c6} (10... Be6 $5 {[%cal Re6c4]} 11. Qd3 Bf5 $11) (10... Be6 11. Nce5 Qb6 12. Ba3 Ne4 13. Qd3 f5 14. Nxc6 bxc6 15. Qe3 cxd4 16. cxd4 Bd5 17. Bxe7 Rfe8 18. Qa3 Bxd4 19. Nxd4 Qxd4 {½-½ (30) Liu,Y (2364)-Wei,Y (2641) Zhongshan 2014}) 11. cxd4 Be6 12. Nfe5 Nxe5 13. Nxe5 Bd5 14. Qa4 $146 ({Find the theoretical novelty and annotate with similar games:} 14. Bxd5 Qxd5 15. Qb3 e6 16. Rfc1 Rfc8 17. e3 Bf8 {½-½ (17) Feletar,D (2394)-Zelenika,S (2293) Sibenik 2005}) 14... h5 (14... b5 $5 15. Qa3 Bxg2 16. Kxg2 a5 $11) 15. Rac1 h4 16. Bxd5 Qxd5 17. Qc4 hxg3 18. hxg3 Qxc4 19. Rxc4 Rfc8 20. Rfc1 Rxc4 21. Rxc4 Ne8 1/2-1/2

[Event "16th IRI-chT Super League 2017"]
[Site "Sari"]
[Date "2017.09.14"]
[Round "3"]
[White "Alinasab, Mobina"]
[Black "Asgharpourmasoleh, Tara"]
[Result "1-0"]
[WhiteElo "2245"]
[BlackElo "1806"]
[Annotator "TA"]
[PlyCount "71"]
[EventDate "2017.??.??"]
[EventType "team-tourn"]
[EventCountry "IRI"]
[SourceTitle "playchess.com"]
[Source "ChessBase"]
[SourceQuality "1"]

{[%evp 25,71,24,36,26,34,33,48,-2,21,-23,46,-6,-6,-8,-4,-2,14,20,20,16,55,47,192,185,385,413,420,404,420,409,408,402,398,394,352,210,188,174,183,174,260,264,406,403,401,354,398,391]} 1. e4 e5 2. Nf3 Nc6 3. Bb5 a6 4. Ba4 Nf6 5. O-O b5 6. Bb3 Be7 7. Qe2 O-O 8. c3 d6 9. Rd1 Bg4 10. h3 Bh5 11. d3 Na5 12. Bc2 c5 13. Nbd2 {[%cal Bb1d2,Bd2f1,Bf1e3,Be3f5][%mdl 32]} Nc6 14. Nf1 {C86: Closed Ruy Lopez: Worrall Attack} Bg6 (14... d5 15. Ng3 Bg6 16. Nh4 Qc7 17. Nhf5 Rfd8 18. Qf3 dxe4 19. dxe4 Rxd1+ 20. Bxd1 Rd8 21. Bg5 Ne8 {½-½ (77) Zochowski,K (2248)-Sengupta,D (2551) Warsaw 2016}) 15. Ne3 $146 ({Predecessor:} 15. Ng3 Rb8 16. d4 cxd4 17. cxd4 Qc7 18. Be3 Nb4 19. Bb1 Rfc8 20. a3 Nc6 21. b4 exd4 22. Nxd4 Nxd4 23. Bxd4 {1-0 (39) Bortnyk,O (2189)-Kostiuk,T (2231) Kiev 2008}) 15... Rb8 16. g4 {White is slightly better.} Re8 17. Kh2 Bf8 (17... h6 $11) 18. Rg1 ({Better is} 18. Nh4 $14) 18... d5 {[%cal Rd5e4]} 19. Nf5 dxe4 20. dxe4 Qa5 21. Bg5 Nd7 22. Rad1 Nb6 23. a3 $36 {[%mdl 2048] White has some pressure.} b4 {[#]} (23... Na4 $14) 24. axb4 $1 $18 cxb4 $2 {[#]} (24... Qb5 25. Bd3 c4) 25. Ra1 $1 {[%cal Ra1a5]} Qc5 26. Be3 Qc4 27. Bd3 Qe6 28. Rxa6 Na8 29. Bc4 Qc8 30. Bd5 (30. h4 $142) 30... Nd8 31. Ba7 {[%cal Be3a7,Ba7b8,Bb8e5][%mdl 32]} Nc7 32. Bxb8 Nxa6 (32... Qxb8 {might work better.} 33. Ra4 Nxd5) 33. Bxe5 Nc7 (33... bxc3 $142 34. bxc3 Nc7) 34. Qc4 {White is winning.} Nde6 35. Bc6 Rd8 36. cxb4 {Precision: White = 60%, Black = 31%.} 1-0

[Event "16th IRI-chT Super League 2017"]
[Site "Sari"]
[Date "2017.09.14"]
[Round "3"]
[White "Alinasab, Mobina"]
[Black "Asgharpourmasoleh, Tara"]
[Result "*"]
[WhiteElo "2245"]
[BlackElo "1806"]
[Annotator "TA"]
[PlyCount "39"]
[EventDate "2017.??.??"]
[EventType "team-tourn"]
[EventCountry "IRI"]
[SourceTitle "playchess.com"]
[Source "ChessBase"]
[SourceQuality "1"]

{[%evp 14,15,8,2]} 1. e4 e5 2. Nf3 Nc6 3. Bb5 a6 4. Ba4 Nf6 5. O-O b5 6. Bb3 Be7 7. Qe2 O-O 8. c3 {Predecessor:} d6 $146 9. d4 Bg4 10. Rd1 Qc8 11. h3 Bh5 12. Bg5 Rb8 13. a4 h6 14. Bh4 b4 15. Bc4 Na5 16. dxe5 dxe5 17. Nbd2 Nxc4 18. Nxc4 bxc3 19. bxc3 Bxf3 20. Qxf3 {0-1 (91) Artemiev,V (2652)-Ponkratov,P (2610) Izhevsk 2014} *

[Event "16th IRI-chT Super League 2017"]
[Site "Sari"]
[Date "2017.09.14"]
[Round "3"]
[White "Rezaei Abari, Farzin"]
[Black "Sedaghati, Mehrdad"]
[Result "0-1"]
[WhiteElo "2090"]
[BlackElo "2220"]
[Annotator "TA"]
[PlyCount "66"]
[EventDate "2017.??.??"]
[EventType "team-tourn"]
[EventCountry "IRI"]
[SourceTitle "playchess.com"]
[Source "ChessBase"]
[SourceQuality "1"]

{[%evp 15,66,1,1,4,1,-6,-3,-10,-13,-12,-4,-68,-70,-110,-90,-127,-67,-50,-20,-22,-33,-68,-23,-18,-14,-52,-46,-57,-35,-38,0,0,0,0,0,0,0,0,0,0,0,0,0,0,0,-5177,-5173,-1996,-1962,-1569,-1428,-29995,-29996]} 1. e4 c5 2. Nf3 d6 3. Bb5+ Nd7 4. O-O Ngf6 5. Re1 a6 6. Bxd7+ Nxd7 7. c3 e6 {B51: Sicilian: Moscow Variation (3 Bb5+) without 3...Bd7} 8. d4 Be7 {LiveBook: 12 Games} 9. a4 (9. Nbd2 cxd4 10. cxd4 O-O 11. Nf1 b5 12. a4 bxa4 13. Qxa4 Bb7 14. Bd2 Nf6 15. Ng3 {½-½ (36) Toufighi,H (2428)-Tiviakov,S (2673) Rasht 2012}) 9... O-O {The position is equal.} 10. Nbd2 b6 11. Nc4 $146 ({Find the theoretical novelty and annotate with similar games:} 11. Nf1 Bb7 12. Ng3 Re8 13. Bf4 Qc7 14. h4 Rac8 15. Rc1 {0-1 (40) Toth,L (2225)-Videki,S (2415) Hungary 1993}) 11... cxd4 12. cxd4 Bb7 13. e5 (13. d5 $11) 13... dxe5 $15 14. dxe5 Bd5 15. b3 Bb4 ({Better is} 15... b5 $17 16. Ncd2 Bb4) 16. Bd2 Bxf3 17. gxf3 Bc5 18. Be3 Qe7 19. Bxc5 Nxc5 20. Re3 Rad8 21. Qc2 Rd4 22. Rd1 Rfd8 23. Rxd4 Rxd4 24. Nxb6 Qd8 (24... h6 $5 {[%cal Re7d8]} 25. Kf1 Qd8 $11) 25. Qxc5 Rd1+ 26. Kg2 Qg5+ 27. Kh3 {[#] Qc8+ is the strong threat.} Qf5+ 28. Kg2 $1 {Intending Qc8+ and mate.} Qg6+ 29. Kh3 {White threatens Qc8+ and mate.} h5 30. Qc8+ $2 {[%mdl 8192]} (30. Qe7 $11) 30... Kh7 $19 {( -> ...Rg1)} 31. Qc4 Qf5+ 32. Kg2 {[#]} Qg5+ $1 33. Kh3 Rg1 {Precision: White = 52%, Black = 46%.} 0-1

[Event "16th IRI-chT Super League 2017"]
[Site "Sari"]
[Date "2017.09.14"]
[Round "3"]
[White "Azali, Ashkan"]
[Black "Tabatabaei, M amin"]
[Result "0-1"]
[WhiteElo "2063"]
[BlackElo "2548"]
[Annotator "TA"]
[PlyCount "88"]
[EventDate "2017.??.??"]
[EventType "team-tourn"]
[EventCountry "IRI"]
[SourceTitle "playchess.com"]
[Source "ChessBase"]
[SourceQuality "1"]

{[%evp 16,88,21,-1,0,-10,9,1,12,0,23,26,18,0,16,12,29,15,15,7,30,-13,-7,-36,-15,-29,0,-26,-25,-19,-22,-14,-8,-6,0,0,0,0,0,0,0,0,0,0,0,0,0,0,0,0,0,0,0,0,0,0,0,0,0,0,73,-33,-37,-181,-171,-170,-161,-181,-150,-29990,-29991,-29991,-29980,-29978,-29964]} 1. Nf3 c5 2. c4 Nc6 3. Nc3 g6 4. g3 Bg7 5. Bg2 d6 6. O-O Bf5 7. d3 {A37: Symmetrical English vs ...g6: 4 Bg2 Bg7 5 Nf3} Qd7 8. Bd2 Nf6 9. Re1 {LiveBook: 3 Games. The position is equal.} Bh3 $146 ({Predecessor:} 9... O-O 10. a3 Bh3 11. Bh1 h6 12. Rb1 Rac8 13. b4 b6 14. b5 Nd8 {0-1 (65) Kjartansson,G (2434)-Gustafsson,J (2619) Barcelona 2013}) 10. Nd5 {Black must now prevent Bxh3.} Nxd5 11. cxd5 Nd4 12. Nxd4 {aiming for Bxh3.} Bxd4 13. Bxh3 Qxh3 14. Qa4+ Kf8 {next ...h5 is good for Black.} 15. Bc3 Bxc3 16. bxc3 Kg7 17. Qf4 h5 18. e4 h4 19. Re3 hxg3 20. Qxg3 Qh4 (20... Qxg3+ {feels hotter.} 21. hxg3 b5 22. Rb1 Rab8 23. d4 Rhc8) 21. Qxh4 Rxh4 $11 {[%mdl 4096] Endgame KRR-KRR} 22. Rb1 b6 {Threatening ...Rah8.} 23. Kg2 c4 24. d4 Rg4+ 25. Kf3 Rg5 26. Rb4 Rh8 27. Rxc4 Rxh2 28. Ke2 Rgg2 29. Rf3 g5 $1 30. Ke3 {Hoping for Rc7.} g4 31. Rg3 Rxf2 32. Rxg4+ Kf6 33. Rc8 Rxa2 {Threatens to win with ...Rh3+.} 34. Rf4+ Kg7 35. Rg4+ Kh7 {And now ...Rh3+ would win.} 36. Rg3 Rac2 37. Rf3 Rhe2+ {[#]} (37... f6 $11) 38. Kd3 (38. Kf4 $1 $16) 38... b5 $15 {[%csl Ge2][%cal Rc2d2]} 39. Rh3+ ({White has to play} 39. c4 $1 $15) 39... Kg7 $19 {[%csl Ge2][%cal Rc2d2]} 40. Rg3+ Kf6 {[%csl Ge2][%cal Rc2d2]} 41. Rf3+ {[#]} Kg5 $1 {[%csl Ge2][%cal Rc2d2]} 42. Rg8+ $2 (42. c4 $17) 42... Kh4 {[%csl Ge2][%cal Rc2d2] Black mates.} 43. Rf4+ Kh3 {[%csl Ge2][%cal Rc2d2]} 44. Rf3+ Kh2 {Precision: White = 42%, Black = 53%.} 0-1

[Event "16th IRI-chT Super League 2017"]
[Site "Sari"]
[Date "2017.09.14"]
[Round "4"]
[White "Pourramezanali, Amirreza"]
[Black "Gholami Orimi, Mahdi"]
[Result "1-0"]
[WhiteElo "2534"]
[BlackElo "2279"]
[Annotator "TA"]
[PlyCount "85"]
[EventDate "2017.??.??"]
[EventType "team-tourn"]
[EventCountry "IRI"]
[SourceTitle "playchess.com"]
[Source "ChessBase"]
[SourceQuality "1"]

{[%evp 17,85,2,0,-3,8,0,37,0,0,0,18,11,9,7,3,2,33,47,47,36,46,28,28,31,125,117,153,156,235,229,235,224,237,156,162,95,102,90,134,74,143,146,267,260,231,171,172,122,137,141,145,83,131,109,120,120,411,397,460,477,456,478,433,421,518,518,733,675,730,728]} 1. c4 Nf6 2. Nc3 e6 3. e4 d5 4. e5 d4 5. exf6 dxc3 6. bxc3 Qxf6 7. Nf3 b6 8. d4 Bb7 9. Be2 Bd6 {LiveBook: 6 Games. A18: English Opening: Flohr-Mikenas System (1 c4 Nf6 2 Nc3 e6 3 e4)} (9... h6 10. O-O Nd7 11. a4 a5 12. Be3 Bd6 13. Rb1 Be4 14. Rb2 O-O 15. Nd2 Bc6 16. Bf3 Bxf3 17. Qxf3 Qxf3 18. Nxf3 {½-½ (31) Demuth,A (2550)-Bluebaum,M (2628) Bad Ragaz 2016}) 10. a4 {[%cal Ba2a4,Ba4a5,Ba5a6][%mdl 32]} Nc6 $146 ({Predecessor:} 10... a5 11. Rb1 Bc6 12. Bd3 h6 13. Qe2 Nd7 14. Nd2 Bxg2 15. Rg1 Bb7 16. Be4 Bxe4 17. Nxe4 {1-0 (28) Utegaliev,A (2494)-Karpenko,A (2321) Samara 2016}) 11. a5 Rb8 {The position is equal.} ({Much weaker is} 11... bxa5 $6 12. Rb1 $16) 12. a6 Ba8 13. Bd3 h6 14. O-O O-O 15. Qe2 $36 {[%mdl 2048] White has good play.} Ne7 16. Nd2 Qh4 {[%csl Gd6][%cal Rh4h2]} 17. g3 Qh3 {[%csl Ga8][%cal Rh3g2]} 18. Be4 Rfd8 19. Bxa8 Rxa8 20. Ne4 Ng6 (20... Qf5 $14) 21. f4 $16 Re8 22. Rb1 $1 Bf8 {[#]} (22... Rad8 $16 23. Rb5 e5) 23. Rb5 $1 $18 {Hoping for Nf2.} c5 24. dxc5 bxc5 25. Nxc5 Qf5 26. Nd7 ({White should play} 26. Nb3 $18 Qf6 27. Be3) 26... e5 $16 27. Nxf8 Rxf8 28. h4 (28. Be3 $142) 28... Qh3 (28... Rfe8 $142) 29. Qg2 Qxg2+ (29... Qg4 $16 30. h5 Qxh5) 30. Kxg2 $18 Rfc8 31. h5 Nf8 32. fxe5 {Black must now prevent Rb7.} Rxc4 33. Rb7 Rxc3 34. Rbxf7 ({Don't take} 34. Rfxf7 Rxc1 35. Rxg7+ Kh8 $14) (34. Bb2 $142 Rc2+ 35. Rf2) 34... Ne6 {And now ...Rxc1! would win.} 35. Re7 Rc6 36. Rd1 {Threatens to win with Rd6.} Rxa6 $2 {[%mdl 8192]} (36... Kf8 $16 37. Rdd7 Rxa6) 37. Rd6 Ra2+ 38. Kh3 {White is clearly winning.} Nf8 {[#]} 39. Rc6 $1 Kh8 40. Rcc7 Ra6 41. Rxg7 Rc8 42. Be3 Rxc7 43. Rxc7 {Precision: White = 80%, Black = 38%.} 1-0

[Event "16th IRI-chT Super League 2017"]
[Site "Sari"]
[Date "2017.09.14"]
[Round "4"]
[White "Mosadeghpour, Masoud"]
[Black "Rezaei Abari, Farzin"]
[Result "1-0"]
[WhiteElo "2509"]
[BlackElo "2090"]
[Annotator "TA"]
[PlyCount "37"]
[EventDate "2017.??.??"]
[EventType "team-tourn"]
[EventCountry "IRI"]
[SourceTitle "playchess.com"]
[Source "ChessBase"]
[SourceQuality "1"]

{[%evp 16,37,0,16,12,3,31,24,76,97,103,83,87,44,65,58,239,218,429,419,511,501,511,504]} 1. e4 e5 2. Nf3 Nc6 3. Bc4 Bc5 4. b4 Bxb4 5. c3 Ba5 6. d4 exd4 7. O-O Nf6 8. Ba3 d6 {C52: Evans Gambit Accepted: 5 c3 Ba5} 9. e5 $1 {[%cal Re5f6] LiveBook: 4 Games} Ne4 ({Much weaker is} 9... dxe5 $6 10. Qb3 $16) 10. exd6 $1 Nxd6 {The position is equal.} (10... cxd6 11. Qe2 d5 12. Nxd4 Nxd4 13. cxd4 f5 14. Bb3 Kf7 15. f3 Nf6 16. Qd3 {½-½ (53) Hoyos Millan,L (2560)-Voiculescu,C (2573) ICCF email 2010}) 11. Re1+ {[%cal Bf1e1,Be1e6,Be6e5,Be5a5][%mdl 32]} Be6 (11... Kf8 $1 $11) 12. Bxe6 $16 fxe6 13. Rxe6+ Kd7 14. Nxd4 $146 ({Predecessor:} 14. Re2 Re8 15. Nxd4 Nxd4 16. cxd4 Rxe2 17. Qxe2 {0-1 (51) Dahl,T (2292)-Sorensen,H (2137) Helsingor 2017}) 14... Nxd4 15. Re5 Ne6 $2 {[#]} ({Black should play} 15... Kc8 $14 16. Rxa5 (16. Qxd4 Bb6 $14) (16. cxd4 Nc4 $14) 16... N4b5) 16. Rxa5 $18 Qh4 $2 (16... Kc8 {was called for.} 17. Qg4 Qd7) 17. Nd2 Rhe8 18. g3 Qh6 19. Ne4 1-0

[Event "16th IRI-chT Super League 2017"]
[Site "Sari"]
[Date "2017.09.14"]
[Round "4"]
[White "Darini, Pouria"]
[Black "Afshari, Mohammadreza"]
[Result "1-0"]
[WhiteElo "2488"]
[BlackElo "2105"]
[Annotator "TA"]
[PlyCount "107"]
[EventDate "2017.??.??"]
[EventType "team-tourn"]
[EventCountry "IRI"]
[SourceTitle "playchess.com"]
[Source "ChessBase"]
[SourceQuality "1"]

{[%evp 20,107,42,37,75,-16,0,7,0,-38,-34,-46,-14,-18,-22,-22,-23,-27,-17,-29,-24,-19,-27,-52,-43,-61,0,0,7,0,73,81,69,68,65,28,91,55,105,97,121,117,111,136,151,99,145,67,72,21,129,7,3,0,5,5,14,13,20,6,14,-14,6,-43,-26,-101,-105,-166,-8,-23,0,0,0,0,0,-8,26,26,203,194,204,193,370,295,356,0,1075,634,584,529]} 1. e4 c5 2. Nf3 d6 3. d4 cxd4 4. Nxd4 Nf6 5. Nc3 g6 6. Be3 Bg7 7. f3 O-O 8. Qd2 Nc6 9. g4 Be6 10. Nxe6 fxe6 11. O-O-O {LiveBook: 187 Games. B76: Sicilian Dragon: Yugoslav Attack, 9 g4 and 9 0-0-0} d5 (11... Ne5 12. Be2 Qc8 13. Bh6 Bxh6 14. Qxh6 Qc5 15. h4 Rac8 16. Qd2 Kh8 17. Kb1 b5 18. Nxb5 Nxf3 19. Bxf3 Qxb5 20. g5 {½-½ (64) Tukhaev,A (2564)-Mamedov,R (2650) Minsk 2015}) 12. g5 (12. exd5 $16 Nxd5 13. Nxd5 Qxd5 14. Qxd5 exd5 15. Rxd5) 12... d4 $146 {Threatens to win with ...Nh5.} ({Predecessor:} 12... Nxe4 13. Nxe4 dxe4 14. Qxd8 Raxd8 15. Rxd8 Rxd8 16. fxe4 Bd4 17. Bxd4 Rxd4 18. Bg2 e5 {1-0 (49) Pereira,R (2278)-Teixeira,R (2076) Lisbon 2006}) 13. gxf6 {The position is equal.} Bxf6 14. Qe1 Qa5 15. Nd5 Qxe1 16. Nxf6+ Rxf6 17. Rxe1 {Black must now prevent Bg5.} dxe3 18. Rxe3 Raf8 19. Be2 Nd4 {[%cal Rd4f3]} 20. Bd1 Nxf3 21. Rb3 b6 22. Ra3 Ng5 ({Better is} 22... a5 $15 23. Rb3 Ng5) 23. Rxa7 Nxe4 24. Re1 Nd6 (24... Rf1 $11 25. Rxe4 Rd8) 25. Rxe7 $16 Re8 26. Rc7 e5 27. c4 Rf4 (27... e4 $11) 28. Bb3 Kh8 29. Rc6 $36 {[%mdl 2048] Black is under strong pressure.} Rd4 30. Rd1 $1 {[%cal Rd1d4]} Nf5 31. Rxb6 e4 32. c5 ({White should try} 32. Rxd4 Nxd4 33. Ba4) 32... Re5 {[#]} 33. Re6 (33. c6 $1 $16) 33... Rxc5+ $14 34. Kb1 Rb4 {[#]} (34... Kg7 $1 $11 {keeps the balance.}) 35. Rd7 (35. Bc2 $1 $16) 35... Rc8 $11 36. h4 e3 37. h5 $1 Rh4 38. hxg6 hxg6 {With the idea ...Nd4.} 39. Rd1 Rh2 40. Re1 Kg7 41. Re4 Rd8 42. Rb4 (42. Kc1 $11) 42... Rdd2 $17 43. Bc4 (43. a4 $17) 43... Nd6 $2 (43... e2 $19 {Strongly threatening ...Rd1+.} 44. Bxe2 Rdxe2 45. Rxe2 Rxe2) 44. Ba6 (44. Bb5 $5) 44... g5 45. a4 Nf5 $1 46. a5 Kf6 47. Bb5 g4 {aiming for ...g3.} 48. a6 {Hoping for Be2.} g3 $2 (48... Rd4 $11 {and Black is okay.} 49. Rxd4 Nxd4) 49. a7 $18 Rd8 {And now ...Ra8 would win.} 50. Bc6 Rhh8 $2 (50... e2 {was necessary.}) 51. Be4 ({Much less strong is} 51. Ra4 e2 $18) 51... Ke5 {Black hopes to continue with ...Ra8.} 52. Ra4 $2 (52. Bb7 $18) 52... Kf4 $2 {[%mdl 8192]} (52... Rh4 $11 53. Kc2 (53. a8=R $2 Rxa8 54. Rxa8 Kxe4 $19) 53... Rxe4) 53. a8=Q Rxa8 54. Bxa8+ {Precision: White = 34%, Black = 35%.} 1-0

[Event "16th IRI-chT Super League 2017"]
[Site "Sari"]
[Date "2017.09.14"]
[Round "4"]
[White "Moosavian, S Hamed"]
[Black "Maghsoodloo, Parham"]
[Result "1/2-1/2"]
[WhiteElo "2335"]
[BlackElo "2569"]
[Annotator "TA"]
[PlyCount "56"]
[EventDate "2017.??.??"]
[EventType "team-tourn"]
[EventCountry "IRI"]
[SourceTitle "playchess.com"]
[Source "ChessBase"]
[SourceQuality "1"]

1. e4 {Program Activation Required} c5 2. Nc3 e6 3. Nf3 Nc6 4. d4 cxd4 5. Nxd4 Qc7 6. g3 a6 7. Bg2 h5 8. O-O {B47: Sizilianisch (Paulsen/Taimanow-Variante)} (8. Nxc6 bxc6 9. O-O h4 10. Re1 hxg3 11. hxg3 e5 12. Na4 Nf6 13. c4 c5 14. Nc3 Be7 15. Bg5 Bb7 {1-0 (52) Popov,I (2618)-Chigaev,M (2559) Sochi 2017}) 8... h4 9. Re1 hxg3 10. hxg3 d6 11. Bg5 Be7 12. Bxe7 Ngxe7 13. Qd2 Nxd4 $146 ({Vorgänger:} 13... e5 14. Nf5 Nxf5 15. exf5 Bxf5 {0-1 (35) Welin,M (2328)-Blomqvist,E (2486) Sweden 2015}) 14. Qxd4 e5 15. Qd2 Be6 16. Rad1 Rd8 17. Qg5 Kf8 18. Rd2 b5 19. a3 Qc5 20. Bf1 f6 21. Qe3 Qxe3 22. Rxe3 Kf7 23. Red3 Nc6 24. Rxd6 Nd4 25. Rxd8 Nf3+ 26. Kg2 Ne1+ 27. Kg1 Nf3+ 28. Kg2 Ne1+ 1/2-1/2

[Event "16th IRI-chT Super League 2017"]
[Site "Sari"]
[Date "2017.09.14"]
[Round "4"]
[White "Sedaghati, Mehrdad"]
[Black "Ebrahimzadeh, Mohammadnaghi"]
[Result "1-0"]
[WhiteElo "2220"]
[BlackElo "1872"]
[Annotator "TA"]
[PlyCount "87"]
[EventDate "2017.??.??"]
[EventType "team-tourn"]
[EventCountry "IRI"]
[SourceTitle "playchess.com"]
[Source "ChessBase"]
[SourceQuality "1"]

{[%evp 21,87,19,61,47,64,58,59,67,68,54,74,77,67,71,104,88,141,131,253,259,240,195,192,187,197,195,205,207,171,144,177,157,149,161,165,164,159,157,151,162,178,168,198,186,194,161,153,137,202,102,188,146,187,162,872,837,29984,29985,29985,29986,29986,29987,29987,29988,29988,29989,29989,29990]} 1. e4 c5 2. Nc3 e6 3. g3 Nc6 4. Bg2 g6 5. d3 Bg7 6. Be3 d6 7. Qd2 Nd4 8. Nd1 Rb8 9. c3 Nc6 10. Ne2 b6 {B26: Closed Sicilian: 3 g3, lines with early Be3} 11. O-O Nge7 {LiveBook: 4 Games} 12. Bh6 (12. Rc1 Ba6 13. c4 d5 14. exd5 exd5 15. cxd5 Nxd5 16. Bg5 Qd7 17. Nec3 Nde7 18. Ne3 {½-½ (26) Harandi,K (2366)-Shvedchikov,A (2310) Acqui Terme 2015}) 12... O-O {White is slightly better.} 13. Bxg7 Kxg7 14. Ne3 d5 $146 ({Find the theoretical novelty and annotate with similar games:} 14... Qc7 15. f4 f6 16. d4 Ba6 17. d5 exd5 18. exd5 Nd8 {½-½ (30) Thieme Garmann,A (2160)-Bruch,J (2248) Ludwigshafen 2007}) 15. exd5 Nxd5 16. Nxd5 exd5 17. Nf4 Ne7 18. d4 c4 ({Better is} 18... Bb7) 19. Rfe1 g5 (19... Rb7 $16 {keeps fighting.} 20. Re3 Rd7) 20. Nh5+ $18 Kg6 21. Re5 {[%csl Ge5][%cal Rd2g5] [#]} f6 22. Nxf6 Rxf6 23. Qxg5+ Kf7 24. Rae1 Rb7 25. Rxd5 Qg8 26. Qxg8+ Nxg8 {[#]} 27. Rh5 $1 Re7 28. Rxh7+ Kf8 29. Rexe7 Nxe7 30. f4 Bf5 31. Rh8+ Kg7 32. Ra8 a5 33. Ra7 Kf8 34. h3 Re6 (34... Bb1 $16 {was necessary.} 35. a3 Rf5) 35. g4 ({White should play} 35. Ra8+ $18 Kg7 36. Kf2) 35... Bd3 (35... Re1+ $16 36. Kf2 Rb1) 36. f5 Re2 37. d5 {[%cal Bd4d5,Bd5d6][%mdl 32]} Ke8 $2 (37... Nxf5 38. gxf5 Bxf5) 38. d6 Nxf5 39. Bc6+ {White mates.} Kf8 40. d7 Re1+ 41. Kf2 Rf1+ 42. Kg2 {[%cal Rd7d8]} Ne3+ 43. Kg3 {[%cal Rd7d8]} Ke7 44. Ra8 {Precision: White = 75%, Black = 29%.} 1-0